|
|
|
|
| LEADER |
00000nam a2200000Ia 4500 |
| 008 |
180904b2000 cr ||||| |||| 00| | spa d |
| 999 |
|
|
|c 2040
|d 2040
|
| 090 |
|
|
|a 08.16.01
|b 213
|
| 100 |
1 |
|
|a Villarreal Montoya, Ana Lucía
|9 252
|
| 245 |
1 |
0 |
|a Principios de comunicación rural : Antología /
|c Ana Lucía Villarreal Montoya
|
| 260 |
|
|
|a San José, Costa Rica. :
|b EUNED,
|c 2000
|
| 300 |
|
|
|a 376 páginas
|
| 650 |
1 |
4 |
|a COMUNICACIÓN
|9 150
|
| 650 |
1 |
4 |
|a ZONAS RURALES
|9 4139
|
| 650 |
1 |
4 |
|a INFORMACION AGRICOLA
|9 4181
|
| 650 |
1 |
4 |
|a MEDIOS DE COMUNICACIÓN
|9 388
|
| 650 |
1 |
4 |
|a EXTENSION AGRICOLA
|9 4182
|
| 650 |
1 |
4 |
|a CAPACITACIÓN
|9 729
|
| 942 |
|
|
|i 00333
|h 08.16.01 213
|2 z
|c 01
|